000 02422nam2a22003371 4500
001 v19\rc\1827732
005 20251113190535.3
035 _a(NLR Aleph) 004924112
090 _a5609610
_c5609610
100 _a20071224d1914 u y0rusy50 ca
101 0 _arus
102 _aRU
105 _aa z |||||
200 0 _a... 1914
_e7-й год изд.
210 _aБаку
_cтип. А.Н. Тараева и И.О. Степанянца
_d1914
215 _aXVI, 1070 с., 1 л. черт.
_cил.
327 0 _aВ прил.: Кавказ - население, его происхождение, язык, религия, домашний и общественный быт. "Саломэ": (Из кавказских преданий). Кавказские пути сообщения и каспийское судоходство. Нефтепромышленность и нефтяной рынок в 1913 году. Кавказские минеральные воды
461 0 _1001v19\rc\1827726
_12001#$a"Бакинский спутник"...$fИзд. А.Я. Пинес$v... 1914
_95609552
_cБаку
_d1908-1914
_fИзд. А.Я. Пинес
_nтип. Шнейдерова
_t"Бакинский спутник"...
_v... 1914
464 0 _12001#$aКавказ - население, его происхождение, язык, религия, домашний и общественный быт
_tКавказ - население, его происхождение, язык, религия, домашний и общественный быт
464 0 _12001#$aСаломэ$eИз кавказских преданий
_tСаломэ
464 0 _12001#$aКавказские пути сообщения и каспийское судоходство
_tКавказские пути сообщения и каспийское судоходство
464 0 _12001#$aНефтепромышленность и нефтяной рынок в 1913 году
_tНефтепромышленность и нефтяной рынок в 1913 году
464 0 _12001#$aКавказские минеральные воды
_tКавказские минеральные воды
801 0 _aRU
_bNLR
_gpsbo
801 0 _aRU
_bRuMoRGB
_2psbo
801 1 _aRU
_bProSoft-M
_2rusmarc
852 _aNLR
_j38.1.8.20
899 _aRuMoRGB
_jU 63/227
_z(1908-1914*)
899 _aБАН
_z(1908-1914*)
942 _cBOOK
980 _aNB